| 000 | 00649nam a2200181 i 4500 | ||
|---|---|---|---|
| 001 | 30290 | ||
| 003 | ES-MaACL | ||
| 007 | t| | ||
| 008 | 030124m19361940sp ||||1| spa d | ||
| 100 | 1 |
_aBarraquer Ferré, Luis, _d1887-1959 _925856 |
|
| 245 | 1 | 0 |
_aTratado de enfermedades nerviosas / _cpor Luis Barraquer Ferré, Ignacio de Gispert Cruz y Emilio Castañer Vendrell. |
| 260 |
_aBarcelona : _b[s.n., _c1936-1940] ( _fImp. Hispano-Americana) |
||
| 300 |
_a2 v. ; _c25 cm. |
||
| 700 | 1 |
_aGispert Cruz, Ignacio de. _957347 |
|
| 700 | 1 |
_aCastañer Vendrell, Emilio. _936420 |
|
| 852 |
_aES-MaACL _jE-770-71 _bR.18254 |
||
| 999 |
_c30290 _d30290 |
||